| 000 | 00701nam a2200277 a 4500 | ||
|---|---|---|---|
| 001 | UByD002324 | ||
| 003 | AR-LpoUNG | ||
| 005 | 20240306123639.0 | ||
| 008 | 240209s2010||||ag |||||||||||||||||spa d | ||
| 020 | _a9789871331536 | ||
| 040 |
_aAR-LpoUNG _bspa _cAR-LpoUNG _eaacr |
||
| 041 | _aspa | ||
| 044 | _aag | ||
| 082 | 0 | _aA863 216ult | |
| 100 | 1 | _aGarcĂa Cabot, Emil | |
| 245 | 1 | 3 | _aEl Ășltimo horizonte |
| 250 | _a1ra. ed. | ||
| 260 |
_aBuenos Aires : _bR y C, _c2010. |
||
| 300 | _a219 p. | ||
| 500 | _aIncluye vocabulario en lengua tsoneca o tehuelche. | ||
| 650 | 4 | _aARGENTINA | |
| 650 | 4 | _aLITERATURA | |
| 653 | _aLITERATURA ARGENTINA | ||
| 905 | _a55630 | ||
| 942 |
_cLIB _2ddc |
||
| 999 |
_c64839 _d64839 |
||